000 00940nam a2200241 a 4500
003 MX-MxUPN
005 20250109081448.0
008 991125s1928 fr r 000 0 fre d
035 _aUPN01000019509
040 _aMX-MxUPN
_bspa
_cMX-MxUPN
041 0 _aspa
050 1 4 _aHV721
_bW4.3
100 1 _aWets, Paul
_951717
245 1 2 _aL'enfant de justice :
_bquinze années d'application de la loi sur la protection de l'enfance
260 _aBruxelles :
_bAssociation Internationale pour la Protection de l'Enfance,
_c1928.
300 _axi, 508 páginas :
_bilustraciones
650 4 _aDisciplina de niños
_914102
650 4 _aNiños
_xBeneficencia, protección, etc.
_925
700 1 _aCarton de Wiart, Henry,
_cComte,
_d1869-1951
_951718
_eprefacio
700 1 _aLuna de Ibarra, Luz
_951389
_epropietaria anterior
710 2 _aInstituto Nacional de Investigación Educativa (México)
_epropietario anterior
_928086
942 _2lcc
_cLIBRO
999 _c19509
_d19509